000 01389nam a2200301 a 4500
001 000013681
005 20260330121750.0
008 091127s2002 dr ac 000 0 spa d
020 _a9993402893
040 _aDO-SdBNP
_bspa
_cBNPHU
082 _a323.34
_bA185d, 2002
100 1 _aAcosta de Pérez, Luz Dalis
_920975
245 1 4 _aLos derechos de la mujer.
250 _a2ª ed. aumentada y corregida
260 _aSanto Domingo :
_bCentenario,
_c2002.
300 _a214 p. :
_bil., retrs. ;
_c22 cm.
500 _aIncluye datos biográficos de la autora en la contracubierta
505 0 _gIntroducción --
_tHistoria del derecho de la mujer --
_tLegislación --
_tNacionalidad de la mujer --
_tEl concubinato o unión libre --
_tAborto y adulterio --
_tLa mujer en el derecho laboral y comercial --
_tDelitos contra la mujer --
_tLa mujer a nivel nacional --
_tLa mujer a nivel internacional --
_tLa mujer en la actualidad --
_gAnexos --
_gBibliografía.
590 _aInventariado, 2018/BT
650 4 _aDerechos de la mujer
_xHistoria
_920976
650 4 _aMujeres
_xSituación legal
_zRepública Dominicana
_96395
650 4 _aMujeres
_xCuestiones sociales y morales
_zRepública Dominicana
_97010
650 4 _aAdopción
_920977
650 0 _aDivorcio
_91267
650 0 _aConcubinato
_920978
650 4 _aDelitos contra la mujer
_917155
910 _aValidado. Control de calidad. EMS
999 _c13294
_d13294